France ou Brésil ? - Statistiques

Statistiques générales
  • Ce quiz a été pris 188 fois
  • Le résultat moyen est 11 sur 15
Statistiques - réponses
Question Réponse % Correct
A la plus grande superficie Brésil
98%
Accueille le plus de touristes France
98%
A le plus d’habitants Brésil
94%
A déjà accueilli les Jeux olympiques Les deux
93%
A été visité par James Bond Les deux
92%
A l’IDH (Indice de développement humain) le plus élevé France
87%
Est le pays natal de Cristina Córdula Brésil
83%
Consomme le plus d’alcool (en litres par habitant) France
77%
Est frontalier du Suriname Les deux
77%
A la plus grande communauté portugaise (en terme d’habitants) Brésil
69%
Possède le point culminant le plus haut France
69%
Est le plus proche des États-Unis France
66%
A remporté le plus de médailles aux Jeux olympiques de surf Brésil
49%
Accueille un Grand Prix de Formule 1 en 2025 Brésil
48%
A déjà remporté la Coupe du Monde de football à domicile France
36%
Aucun quiz correspondant
Distribution des résultats
% des personnes avec chaque résultat
Percentile par nombre de réponses
Votre historique - résultats
Vous n’avez pas pris ce quiz